Sustainability science

Αποθηκεύτηκε σε:
Λεπτομέρειες βιβλιογραφικής εγγραφής
Κύριος συγγραφέας: Vries, Bert de, 1948-
Μορφή: Βιβλίο
Γλώσσα:English
Δημοσίευση: New York, NY : Cambridge University Press, 2013.
Θέματα:
Ετικέτες: Προσθήκη ετικέτας
Δεν υπάρχουν, Καταχωρήστε ετικέτα πρώτοι!

MARC

LEADER 00000nam a2200000 a 4500
001 1/111468
008 160812s2013####nyu|a ||| |001 |deng||
020 |a 9780521184700  
040 |a GR-MyUa  |b gre  |c GR-MyUa  |e AACR2 
041 0 |a eng 
082 7 |a 338.927   |2 (23)  
100 1 |a Vries, Bert de,   |d 1948- 
245 1 0 |a Sustainability science /   |c Bert J. M. de Vries.  
260 |a New York, NY :   |b Cambridge University Press,   |c 2013.  
300 |a xvii, 590 σ. :   |b εικ. ;   |c 27 εκ.  
504 |a Περιλαμβάνει βιβλιογραφία και ευρετήριο.  
505 8 |a Introduction -- The systems dynamics perspective -- In search of sustainability : past civilizations -- The world in the past 300 years : the great acceleration -- Sustainability: concerns and definitions -- Quality of life : on values, knowledge and worldviews -- Energy fundamentals -- On knowledge and models -- Ecosystems -- Human populations and human behaviour -- Agro-food systems -- Renewable resources : water, fish and forest -- Non-renewable resources : the industrial economy -- Towards a sustainable economy -- Outlook on the futures -- Glossary -- References.  
650 0 |a Sustainable development 
852 |a INST  |b LESVOS  |c BK  |e 20160812  |h 338.927 VRI  |p 005100058455  |q 005100058455  |t BK  |y 0 
922 |a 1ΕΛΗ  |b 2016-05  |c ΤΠ  |d Διαδρομές 
970 |a Τζαφέρη  |b Ευαγγελία  |z 12-08-2016